000 003120000a22001450004500
003 MACL
040 _aMACL
090 _c33173
_d33171
100 _aAjaz, Dr S M
245 _aEconomic and Social Problems
260 _bBright Careers Institute
350 _a65
650 _aEconomics
942 _cBOOK
_k330/AJA
999 _c32825
_d32825